header

Speaking of information (Record no. 110227)

MARC details
000 -LEADER
fixed length control field 01891nam a2200349 a 4500
082 04 - DEWEY DECIMAL CLASSIFICATION NUMBER
Classification number 020
100 1# - MAIN ENTRY--AUTHOR NAME
Personal name Litwin, Rory.
245 10 - TITLE STATEMENT
Title Speaking of information
260 ## - PUBLICATION, DISTRIBUTION, ETC. (IMPRINT)
Place of publication Duluth, Minn. :
Name of publisher Library Juice Press,
Year of publication 2009.
300 ## - PHYSICAL DESCRIPTION
Number of Pages xv, 154 p.
505 0# - FORMATTED CONTENTS NOTE
Formatted contents note On libraries -- Information technology -- Information control -- Censorship -- Copyright -- Data, information, knowledge & other wisdom -- Information overload -- On librarians -- Guardians of history -- Social responsibility -- Neutrality -- Liberty or slavery -- Truth & lie -- Secrecy.
520 ## - SUMMARY, ETC.
Summary, etc "A compilation of quotations originally collected for the 'Quotes of the Week' section of Library Juice, an electronic magazine that dealt with philosophical and political dimensions of librarianship"--Provided by publisher.
650 #0 - SUBJECT ADDED ENTRY--TOPICAL TERM
Topical Term Library science
Topical Term Information science
700 1# - ADDED ENTRY--PERSONAL NAME
Personal name Wallace, Martin,
856 40 - ELECTRONIC LOCATION AND ACCESS
Uniform Resource Identifier http://site.ebrary.com/lib/rucke/Doc?id=10370002

No items available.

© 2026 Rongo University
Contact us: librarian | system librarian | Rongo university